000 00350 a2200133 4500
005 20250626102855.0
020 _a10978654321
082 _a658.15 FAG
100 _aFAGUET, D.
245 _aPractical Financial Management
260 _aNew York,
_bJohn Wiley & Sons,
_c2003.
300 _axvii,329p.; ill.; figure, table
_bIndex
_c22cm
942 _2ddc
_cBKS
999 _c5283
_d5283